| 000 | 00451nam a22001817a 4500 | ||
|---|---|---|---|
| 003 | MPLRDC | ||
| 005 | 20220104124738.0 | ||
| 008 | 210129b ||||| |||| 00| 0 eng d | ||
| 020 | _a7-80520-052-1 | ||
| 082 | _a848.1 ZZR-8 | ||
| 100 | _a周作人著 | ||
| 245 |
_a自己的园地. 雨天的书. 泽泻集 _c |
||
| 250 | _a一版一刷 | ||
| 260 |
_a _b岳麓书社 _c1987 |
||
| 300 | _b精 | ||
| 650 | _a现代别集 | ||
| 942 |
_cBK _o848.1 ZZR-8 |
||
| 999 |
_c21821 _d21811 |
||